Every States All-Time Leading Receiver - Statistics

General Stats
  • This quiz has been taken 7 times
    3 since last reset
  • The average score is 14 of 50
Answer Stats
State Yards Player % Correct
MS 22895 Jerry Rice
100%
MN 17492 Larry Fitzgerald
100%
OH 13899 Cris Carter
67%
SC 12355 DeAndre Hopkins
67%
TN 13046 Jason Witten
67%
MI 12287 Jimmy Smith
67%
PA 14580 Marvin Harrison
67%
VT N/A N/A
67%
LA 14345 Reggie Wayne
67%
AR 11389 Rod Smith
67%
OK 13089 Steve Largent
67%
AK 2641 Steve Smith
67%
TX 14934 Tim Brown
67%
CA 15127 Tony Gonzalez
67%
NY 12721 Art Monk
33%
GA 11619 Calvin Johnson
33%
SD 5665 Dallas Clark
33%
VA 10856 Gary Clark
33%
FL 15208 Isaac Bruce
33%
KS 8587 Jordy Nelson
33%
IN 8974 Mark Clayton
33%
WV 15292 Randy Moss
33%
IL 10060 Shannon Sharpe
33%
MD 9995 Stefon Diggs
33%
AL 15934 Terrell Owens
33%
NC 13382 Torry Holt
33%
OR 6831 Ahmad Rashad
0%
NE 3884 Austin Ekeler
0%
MA 8001 Bill Brooks
0%
WY 7270 Boyd Dowler
0%
HI 2048 Byron Chamberlain
0%
WA 7066 Cooper Kupp
0%
IA 4840 Darren Sproles
0%
KY 5660 DeVante Parker
0%
WI 7029 Elroy Hirsch
0%
NJ 12785 Irving Fryar
0%
CT 8744 Joe Horn
0%
UT 3297 Kevin Curtis
0%
MO 7195 Lionel Taylor
0%
NV 6346 Max McGee
0%
ID 2133 Merril Hoge
0%
ND 7412 Pete Retzlaff
0%
NH 2184 Ryan Griffin
0%
AZ 6307 Steve Jordan
0%
ME 491 Thurlow Cooper
0%
DE 1441 Tom Hall
0%
RI 3181 Tom Mitchell
0%
NM 8410 Tommy McDonald
0%
CO 9080 Vincent Jackson
0%
MT 1421 Will Dissly
0%
No matching quizzes found
Score Distribution
Percent of People with Each Score
Percentile by Number Answered
Your Score History
You have not taken this quiz since the last reset